| 000 | 01269naa a22003017a 4500 | ||
|---|---|---|---|
| 001 | BR8205661 | ||
| 003 | BR-BrBNA | ||
| 005 | 20240918175202.0 | ||
| 007 | ta | ||
| 008 | 230509b bl.||||| |||| 00| 0 por d | ||
| 040 |
_aBR-BrBNA _bpor _cBiblioteca Nacional de Agricultura |
||
| 041 | _a(Pt) | ||
| 072 |
_aL10 _b6100 _bG514 |
||
| 090 | _aL10 BR8205661 | ||
| 100 | 1 | _aSchmidt, G.S. | |
| 100 | 1 | _aCustodio, R.W.S. | |
| 245 | 1 | _aEfeito do tempo de estocagem, fumigacao dos ovos e diferencas entre populacoes, matrizes e avos no resultado de uma incubacao (experimento 1)[melhoramento genetico animal, frango de corte, inseminacao artificial, banco de germoplasma, Brasil] | |
| 260 | 3 |
_aPiracicaba, SP (Brasil): _c1982. |
|
| 500 | _aRelatorio cientifico da Escola Superior de Agricultura Luiz de Queiroz. 1981 Piracicaba, SP (Brasil): 1982. p. 207-213 (BR8205661-AM)L10 | ||
| 650 | _aMELHORAMENTO GENETICO ANIMAL | ||
| 650 | _aFRANGO DE CORTE | ||
| 650 | _aINCUBACAO | ||
| 650 | _aINSEMINACAO ARTIFICIAL | ||
| 650 | _aBANCO DE GERMOPLASMA | ||
| 773 | 0 |
_tRelatorio cientifico da Escola Superior de Agricultura Luiz de Queiroz. 1981 _wL10 BR8205661 _gPiracicaba, SP (Brasil), 1982. p. 207-213 |
|
| 909 |
_a202404 _bLucia _c55 _dLucia Elande |
||
| 942 |
_cAM _2AGRIS |
||
| 999 |
_c315462 _d315462 |
||